书目信息 |
| 题名: |
遥感专题分析与地学图谱
|
|
| 作者: | 傅肃性 著 | |
| 分册: | ||
| 出版信息: | 北京 科学出版社 2002.10 |
|
| 页数: | ||
| 开本: | 16开 | |
| 丛书名: | ||
| 单 册: | ||
| 中图分类: | P283.8 | |
| 科图分类: | ||
| 主题词: | 地图学 | |
| 电子资源: | ||
| ISBN: | 7-03-009819-6/P.1292 | |
| 000 | 00536nam0 2200181 450 | |
| 001 | 0736196517 | |
| 005 | 20070924100316.51 | |
| 010 | @a7-03-009819-6/P.1292@d¥30.00 | |
| 100 | @a20070924d km y0chiy0120 ea | |
| 101 | 0 | @achi |
| 200 | 1 | @a遥感专题分析与地学图谱@Ayao gan zhuan ti fen xi yu di xue tu pu@f傅肃性 著@Ffu su xing zhu |
| 210 | @a北京@c科学出版社@d2002.10 | |
| 215 | @c照片@d16开 | |
| 606 | 0 | @a地图学 |
| 690 | @aP283.8@v3 | |
| 701 | 0 | @a傅肃性@Afu su xing@4著 |
| 801 | 0 | @aCN@bPFT@c20070924 |
| 905 | @a213230@dP283.8@eZY25@f1 | |
| 遥感专题分析与地学图谱/傅肃性 著.-北京:科学出版社,2002.10 |
| 照片;16开 |
| ISBN 7-03-009819-6/P.1292:¥30.00 |
| ● |
| 相关链接 |
|
|
|
|
正题名:遥感专题分析与地学图谱
索取号:P283.8/ZY25
 
预约/预借
| 序号 | 登录号 | 条形码 | 馆藏地/架位号 | 状态 | 备注 |
| 1 | 7901637 | 279016379 | 密集书库-资源管理系/ [索取号:P283.8/ZY25] | 在馆 |